000 00793nam a2200229Ii 4500
003 JO-AjNU
008 230605s9999||||xx |||||||||||||| ||und||
017 _a2007/1197
020 _a978-9961-0-1071.6
040 _aJO-AjNU
_bara
_erda
_cJO-AjNU
041 _aara
050 1 4 _aK1420.5.2010
100 3 _a ادريس ، فاضلي ,
_eauthor
_944381
245 0 0 _aالمدخل الى الملكية الفكرية الملكية الأدبية والفنية والصناعية
250 _aط2
264 3 1 _aالجزائر : ديوان المطبوعات الجامعية ، 2010
300 _a330ص
336 _atext
_btxt
_2rdacontent
337 _aunmediated
_bn
_2rdamedia
338 _avolume
_bnc
_2rdacarrier
650 4 _aالنظم القانونية -- تاريخ
_944382
999 _aA19157
_c22725
_d22725